| 000 | 00744nam a22002057a 4500 | ||
|---|---|---|---|
| 999 |
_c178766 _d178766 |
||
| 005 | 20210413111103.0 | ||
| 010 | _aB-739788 | ||
| 020 |
_a9789380607313 _c995.00 |
||
| 035 | _aB-739788 | ||
| 037 | _bGift | ||
| 082 | 0 | 4 | _a954.03 |
| 100 | 1 | _aSen, Satadru | |
| 245 | 1 | 0 |
_aDisciplined natives: _brace, freedom, and confinement in colonial India / _cby Satadru Sen |
| 260 |
_aDelhi _bPrimus Books _c2012 |
||
| 270 |
_aVirat Bhavan, Mukherjee Nagar Commercial Complex _bDelhi _e110009 |
||
| 300 |
_aviii, 359p. _c25cm(Hb) |
||
| 500 | _aincludes index | ||
| 942 |
_2ddc _cEN _h954.03 _mSEN |
||